[Event "AUTO-ADV-3942"]
[Site "http://www.queenalice.com/game.php?id=1541006"]
[Date "2018.9.3"]
[Round "3"]
[White "Spiril"]
[Black "Vilnius"]
[Result "1-0"]
[WhiteElo "2320"]
[BlackElo "2052"]

1. Nf3 b6 2. g3 Bb7 3. Bg2 e5 4. d3 h6 5. O-O Nf6 6. c4 Nc6 7. Nc3 a6 8. a3 d5
9. cxd5 Nxd5 10. Nxd5 Qxd5 11. Qc2 O-O-O 12. Ng5 Qd7 13. Nxf7 Qxf7 14. Bxc6 Bxc6
15. Qxc6 Kb8 16. Be3 Rd6 17. Qc3 Be7 18. Rac1 Bf6 19. Qb4 Bg5 20. f4 exf4 21.
Bxf4 Bxf4 22. Rxf4 Qe6 23. Re4 Qd7 24. Rec4 Rc8 25. Qa4 b5 26. Qb4 a5 27. Qb3
Rb6 28. Rc5 Qd4+ 29. Kg2 Rf8 30. Rxb5 Rf2+ 31. Kh1 Rxe2 32. Qg8+ Kb7 33. Rxa5
Ra6 34. Rxa6 Kxa6 35. Qa8+ Qa7 36. Rc6+ 1-0

[Event "Challenge"]
[Site "http://www.queenalice.com/game.php?id=1542260"]
[Date "2018.9.15"]
[Round "-"]
[White "dnptrs"]
[Black "Spiril"]
[Result "0-1"]
[WhiteElo "2108"]
[BlackElo "2333"]

1. d4 d6 2. Nf3 Nf6 3. g3 Nbd7 4. c4 e5 5. Bg2 Be7 6. Qc2 O-O 7. Nc3 c6 8. O-O
Rb8 9. e4 a6 10. dxe5 dxe5 11. Bd2 b5 12. a4 b4 13. Nd1 Nc5 14. Nxe5 Qc7 15. Rc1
Bd6 16. Nxc6 b3 17. Qb1 Qxc6 18. e5 Nfe4 19. exd6 Bh3 20. Bxh3 Nxd2 21. Qf5 Qxd6
22. Re1 g6 23. Qd5 Qxd5 24. cxd5 Nd3 25. Re2 Nf3+ 26. Kg2 Nxc1 0-1

[Event "Challenge"]
[Site "http://www.queenalice.com/game.php?id=1542261"]
[Date "2018.9.15"]
[Round "-"]
[White "Spiril"]
[Black "dnptrs"]
[Result "1-0"]
[WhiteElo "2327"]
[BlackElo "2137"]

1. d4 Nf6 2. Nf3 e6 3. Bf4 d5 4. e3 c5 5. c3 cxd4 6. exd4 Nc6 7. Bd3 a6 8. Nbd2
Be7 9. O-O O-O 10. Re1 h6 11. Ne5 Nd7 12. Qg4 Ndxe5 13. dxe5 Bg5 14. Nf3 Bxf4
15. Qxf4 Qc7 16. Re3 Ne7 17. Nd4 f5 18. Rae1 Bd7 19. Rg3 Kh7 20. Rh3 Rg8 21. Qg5
Nc6 22. Nxf5 exf5 23. e6 Bxe6 24. Rxe6 1-0

[Event "AUTO-MASTER-2685"]
[Site "http://www.queenalice.com/game.php?id=1544169"]
[Date "2018.9.29"]
[Round "3"]
[White "Spiril"]
[Black "Donidon"]
[Result "1/2-1/2"]
[WhiteElo "2370"]
[BlackElo "2442"]

1. d4 Nf6 2. Nf3 d5 3. e3 g6 4. Bd3 Bg7 5. O-O O-O 6. b3 Nc6 7. a3 Re8 8. Bb2
Bg4 9. Nbd2 e5 10. dxe5 Nxe5 11. h3 Bxf3 12. Nxf3 Nxd3 13. cxd3 c6 14. Rc1 Qb6
15. b4 a5 16. Qd2 axb4 17. Qxb4 Qxb4 18. axb4 Ra2 19. Bd4 Nd7 20. b5 Bxd4 21.
bxc6 bxc6 22. Nxd4 c5 23. Nb5 Rb8 24. Nc3 Rd2 25. Nxd5 Rxd3 26. Nf4 Rd2 27. Rfd1
Rbb2 28. Rxd2 Rxd2 29. Kf1 Kf8 30. Ke1 Rd6 31. Ke2 Ke7 32. Nd3 Rc6 33. Kd2 Kd6
34. Ra1 c4 35. Nb4 Rc8 36. Kc3 f5 37. Nc2 Nb6 38. Ra6 Kc5 39. Ra5+ Kd6 40. g4
fxg4 41. hxg4 Rf8 42. f4 Nd5+ 43. Kd4 Nxf4 44. Ra6+ Kd7 45. exf4 Rxf4+ 46. Kd5
Rxg4 47. Ra7+ Ke8 48. Rxh7 c3 49. Nd4 Rg3 50. Nc6 c2 51. Rh1 Rd3+ 52. Ke6 Kf8
53. Rf1+ Ke8 54. Rc1 Rc3 55. Ne5 g5 56. Nf7 g4 57. Ne5 g3 58. Ng6 g2 59. Nh4
g1=Q 60. Rxg1 Rc6+ 61. Kd5 c1=Q 62. Rxc1 Rxc1 63. Ng6 Rd1+ 64. Ke6 Re1+ 65. Ne5
Rxe5+ 66. Kxe5 Ke7 67. Kd5 1/2-1/2

[Event "AUTO-MASTER-2685"]
[Site "http://www.queenalice.com/game.php?id=1544170"]
[Date "2018.9.29"]
[Round "3"]
[White "Donidon"]
[Black "Spiril"]
[Result "0-1"]
[WhiteElo "2468"]
[BlackElo "2372"]

1. e4 e6 2. d4 d5 3. Nc3 Bb4 4. e5 c5 5. a3 Bxc3+ 6. bxc3 Qa5 7. Bd2 Qa4 8. h4
Nc6 9. h5 h6 10. Nf3 Nge7 11. Rh4 Nf5 12. Rf4 c4 13. Qc1 Bd7 14. Be2 Qa5 15. Kf1
Qd8 16. a4 Na5 17. Rg4 b6 18. Kg1 Bc6 19. Qa3 Qd7 20. Nh2 O-O-O 21. Nf1 Qe8 22.
Ng3 Nxg3 23. Rxg3 Rg8 24. Qb4 Kb8 25. Rb1 Ka8 26. Ra1 Kb7 27. Rg4 Kb8 28. Rb1
Kc8 29. Ra1 Kb8 30. Bc1 Ka8 31. Bf4 Rb8 32. Be3 Rd8 33. Rg3 Qd7 34. Rf3 Qe8 35.
Rf4 Kb8 36. Rf3 Ka8 37. Qa3 Rb8 38. Bc1 Rd8 39. Rg3 Qd7 40. Be3 Kb8 41. Rf3 Ka8
42. Rg3 Rde8 43. Qb4 Kb7 44. f4 Rd8 45. Bf2 Qe8 46. Bg4 Qd7 47. Bf3 Kb8 48. Rg4
Rde8 49. Bh4 Ka8 50. Rg3 Kb7 51. Bg4 Kb8 52. Bf3 Qc7 53. Rb1 Ka8 54. Ra1 Kb8 55.
Qd6 Qxd6 56. exd6 Kc8 57. Be7 Kd7 58. Bg4 Nb7 59. f5 Nxd6 60. Bxd6 Kxd6 61. fxe6
fxe6 62. a5 b5 63. Re1 e5 64. dxe5+ Rxe5 65. Rxe5 Kxe5 66. Bf3 Bd7 67. Rg6 Bf5
68. Ra6 Ra8 69. Kf2 Bxc2 70. Rc6 Rb8 71. Rc5 Be4 72. Ke3 Bxf3 73. gxf3 b4 74.
cxb4 Rxb4 75. Rc7 d4+ 76. Kd2 Rb2+ 77. Kc1 c3 78. Rxa7 d3 79. Rd7 d2+ 80. Kd1
Rb1+ 81. Kc2 Rc1+ 82. Kb3 d1=Q+ 83. Rxd1 Rxd1 84. Kxc3 Kd6 85. Kb4 Kc6 86. f4
Rf1 0-1

[Event "AUTO-OPEN-3895"]
[Site "http://www.queenalice.com/game.php?id=1551876"]
[Date "2018.12.4"]
[Round "2"]
[White "kuntakinte"]
[Black "Spiril"]
[Result "0-1"]
[WhiteElo "1914"]
[BlackElo "2392"]

1. e4 e6 2. d4 d5 3. e5 c5 4. Nf3 Nc6 5. Bb5 cxd4 6. Nxd4 Ne7 7. c3 a6 8. Bxc6+
Nxc6 9. Bf4 Qh4 10. g3 Qh3 11. b4 Bd7 12. a4 Be7 13. b5 Nxd4 14. cxd4 axb5 15.
a5 Qg2 16. Ke2 b4 17. Ke3 Qe4+ 18. Kd2 Qxd4+ 19. Ke1 Qxa1 20. f3 b3 21. Qxb3 Bc6
22. Kf2 Rxa5 23. Re1 Rb5 24. Qc2 Rb2 25. Qxb2 Qxb2+ 26. Kg1 Bc5+ 27. Kh1 Qf2 28.
Rc1 Qxf3# 0-1

[Event "AUTO-OPEN-3895"]
[Site "http://www.queenalice.com/game.php?id=1551877"]
[Date "2018.12.4"]
[Round "2"]
[White "Spiril"]
[Black "tucuman"]
[Result "1-0"]
[WhiteElo "2388"]
[BlackElo "2056"]

1. e4 d5 2. exd5 Qxd5 3. d4 Bf5 4. Nc3 Qd8 5. Bc4 e6 6. d5 Nf6 7. Qe2 Qd7 8. Bg5
Be7 9. Bxf6 Bxf6 10. O-O-O Qe7 11. g4 Bxc3 12. gxf5 Bxb2+ 13. Kxb2 Qf6+ 14. c3
O-O 15. dxe6 fxe6 16. fxe6 Kh8 17. e7 Re8 18. Rd8 Nc6 19. Rxa8 Qxe7 20. Rxe8+
Qxe8 21. Qxe8# 1-0

[Event "AUTO-OPEN-3895"]
[Site "http://www.queenalice.com/game.php?id=1551878"]
[Date "2018.12.4"]
[Round "2"]
[White "tucuman"]
[Black "Spiril"]
[Result "0-1"]
[WhiteElo "2053"]
[BlackElo "2390"]

1. d4 d6 2. Bf4 g6 3. Nf3 Bg7 4. e3 Nd7 5. Be2 b6 6. O-O Bb7 7. Nbd2 e5 8. dxe5
dxe5 9. Bg3 Qe7 10. e4 O-O-O 11. c4 h5 12. h3 g5 13. Ne1 g4 14. h4 Nc5 15. Qc2
Nf6 16. b4 Ncxe4 17. Nxe4 Nxe4 18. Bd3 Nxg3 19. fxg3 e4 20. Rd1 exd3 21. Nxd3
Qe3+ 22. Kh1 Be4 23. Rfe1 Bxd3 24. Rxe3 Bxc2 25. Rc1 Bh6 26. Rxc2 Rd1+ 27. Kh2
Bxe3 28. a4 Re8 29. a5 Bg1+ 0-1

[Event "Challenge"]
[Site "http://www.queenalice.com/game.php?id=1562033"]
[Date "2019.2.23"]
[Round "-"]
[White "Spiril"]
[Black "erminius"]
[Result "0-1"]
[WhiteElo "2393"]
[BlackElo "2282"]

1. d4 e6 2. Bf4 Nf6 3. Nf3 b6 4. h3 Bb7 5. Nbd2 Nh5 6. Bh2 d5 7. e3 Bd6 8. Ne5
Nf6 9. Bb5+ c6 10. Ba4 b5 11. Bb3 a5 12. c3 Qc7 13. Ndf3 O-O 14. Bc2 c5 15. dxc5
Qxc5 16. a3 Rc8 17. Qd4 Qc7 18. Ng4 Ne8 19. Qd3 f5 20. Nd4 Qe7 21. Ne5 Nd7 22.
Nxd7 Qxd7 23. O-O Ba6 24. b4 a4 25. g4 Bb7 26. gxf5 Bxh2+ 27. Kxh2 e5 28. Ne6 e4
29. Qd2 Nd6 30. f4 Nxf5 31. Nc5 Qe7 32. Bd1 Rf8 33. Be2 Bc6 34. Bg4 h6 35. Rg1
Kh7 36. Raf1 Rad8 37. Qe2 Rd6 38. Kh1 Be8 39. Re1 Nh4 40. Qd1 Bg6 41. Qe2 Bf5
42. Rd1 Bxg4 43. Rxg4 Nf5 44. Rdg1 Rg8 45. Re1 Qf6 46. Qd2 Qf7 47. Qe2 g5 48.
Qxb5 Rg7 49. Qb8 Rdg6 50. Qe5 h5 51. Rgg1 gxf4 0-1

[Event "AUTO-OPEN-3895"]
[Site "http://www.queenalice.com/game.php?id=1565435"]
[Date "2019.3.25"]
[Round "3"]
[White "Spiril"]
[Black "seanysean"]
[Result "1-0"]
[WhiteElo "2378"]
[BlackElo "2223"]

1. e4 e5 2. Nf3 Nc6 3. Nc3 Nf6 4. d4 exd4 5. Nxd4 Bc5 6. Be3 Bxd4 7. Bxd4 O-O 8.
Be2 Re8 9. O-O d6 10. f3 Ne5 11. Qd2 Ng6 12. Rad1 Qe7 13. Rfe1 Bd7 14. Bf1 Bc6
15. Ne2 a6 16. Ng3 Qd7 17. Bxf6 gxf6 18. Nh5 Kh8 19. Qh6 1-0

[Event "AUTO-OPEN-3895"]
[Site "http://www.queenalice.com/game.php?id=1565436"]
[Date "2019.3.25"]
[Round "3"]
[White "seanysean"]
[Black "Spiril"]
[Result "0-1"]
[WhiteElo "2216"]
[BlackElo "2385"]

1. d4 d6 2. c4 e5 3. d5 f5 4. Nc3 Nf6 5. b3 Be7 6. Bb2 O-O 7. e3 Qe8 8. Nf3 Na6
9. Be2 Nc5 10. O-O Qg6 11. b4 Nce4 12. Nd2 Nxc3 13. Bxc3 f4 14. exf4 Bh3 15. Bf3
e4 16. Bxf6 exf3 17. Qxf3 Bg4 18. f5 Qh5 19. Qf4 Bxf6 0-1

[Event "AUTO-ELITE-2151"]
[Site "http://www.queenalice.com/game.php?id=1582400"]
[Date "2019.9.3"]
[Round "1"]
[White "ArmandoFerreira"]
[Black "Spiril"]
[Result "1-0"]
[WhiteElo "2751"]
[BlackElo "2408"]

1. d4 d6 2. Nf3 Nf6 3. c4 Nbd7 4. Nc3 e5 5. e4 Be7 6. Qc2 c6 7. Be2 O-O 8. O-O
Re8 9. Rd1 Qc7 10. h3 Bf8 11. d5 a5 12. Bg5 h6 13. Be3 Nc5 14. Rac1 a4 15. Nh2
cxd5 16. exd5 b6 17. b3 axb3 18. axb3 Bd7 19. Ra1 Na6 20. Ng4 Be7 21. Nxf6+ Bxf6
22. Rxa6 Rxa6 23. c5 Raa8 24. c6 Bc8 25. Nb5 Qe7 26. Bxb6 Rb8 27. Bc5 dxc5 28.
d6 Qf8 29. c7 Bd7 30. cxb8=R Rxb8 31. Nc7 e4 32. Na6 Rd8 33. Qxc5 Bg5 34. Nc7 g6
35. b4 Ba4 36. Ra1 Bb3 37. Rb1 Ba4 38. Ra1 Bb3 39. Ra3 Be6 40. Nxe6 fxe6 41. Qc4
e3 42. Qxe6+ Qf7 43. Qxf7+ Kxf7 44. fxe3 Rxd6 45. Kf2 Rf6+ 46. Kg3 Rb6 47. b5
Ke6 48. Kf2 Kd6 49. Rc3 Bd8 50. Bd3 Kd7 51. Be4 Rd6 52. Ke2 Bb6 53. Bf3 Ba5 54.
Rc2 Bd8 55. Bb7 Ke6 56. Bc6 Bb6 57. Ra2 Ke5 58. Ra4 Bc7 59. Rh4 h5 60. Ra4 Bb6
61. e4 1-0

[Event "AUTO-ELITE-2151"]
[Site "http://www.queenalice.com/game.php?id=1582401"]
[Date "2019.9.3"]
[Round "1"]
[White "Spiril"]
[Black "ArmandoFerreira"]
[Result "1/2-1/2"]
[WhiteElo "2401"]
[BlackElo "2781"]

1. e4 e5 2. Nf3 Nc6 3. d3 Nf6 4. Be2 d5 5. Nbd2 Bd6 6. c3 h6 7. O-O O-O 8. Re1
Re8 9. b4 Ne7 10. Bf1 Ng6 11. exd5 Nxd5 12. a4 Bf5 13. Ne4 Bf8 14. Ng3 Bg4 15.
Bd2 Nh4 16. Be2 Bxf3 17. Bxf3 Nxf3+ 18. Qxf3 Qd7 19. Red1 Rad8 20. b5 c5 21. c4
Nb4 22. Bc3 Qe7 23. Ne4 Qe6 24. g4 Nc2 25. Rac1 Nd4 26. Bxd4 Rxd4 27. Rd2 Be7
28. Re1 Bd8 29. Rde2 b6 30. Ng3 Qxg4 31. Qxg4 Rxg4 32. Rxe5 Rxe5 33. Rxe5 Rd4
34. Re3 Kf8 35. Ne2 Rd6 36. Nc3 Bg5 37. Rf3 Re6 38. Kf1 g6 39. Ne4 Be7 40. Nc3
Bg5 41. Ne4 Be7 42. Nc3 h5 43. Nd5 Bg5 44. Rg3 Re5 45. Rg1 Kg7 46. Rg3 Bd2 47.
Rg1 f6 48. f4 Re1+ 49. Kf2 Rxg1 50. Kxg1 Kf7 51. f5 gxf5 52. Kf2 Ke6 53. Ke2 Bg5
54. Kf3 Kd6 55. Kf2 f4 56. Nc3 Ke6 57. Kf3 f5 58. Ne2 Ke5 59. Kg2 Be7 60. Kf2
1/2-1/2

[Event "AUTO-ELITE-2151"]
[Site "http://www.queenalice.com/game.php?id=1582406"]
[Date "2019.9.3"]
[Round "1"]
[White "Spiril"]
[Black "jovelino"]
[Result "1-0"]
[WhiteElo "2397"]
[BlackElo "2140"]

1. e4 c5 2. c3 Nf6 3. d3 d6 4. Nf3 g6 5. Be2 Bg7 6. O-O O-O 7. Be3 c4 8. d4 Nxe4
9. Bxc4 a6 10. Nbd2 Nxd2 11. Qxd2 d5 12. Bd3 Nc6 13. h3 Na5 14. Rfe1 Nc4 15.
Bxc4 dxc4 16. Bh6 Be6 17. Re2 Bf5 18. Bxg7 Kxg7 19. Rae1 e6 20. Ne5 Qd5 21. b3
b5 22. g4 Bd3 23. Nxd3 cxd3 24. Qxd3 Rac8 25. Re5 Qd6 26. R1e3 Qa3 27. Qd2 Rc7
28. b4 Qa4 29. d5 exd5 30. Re8 Rc8 31. Rxf8 Rxf8 32. h4 h6 33. h5 g5 34. Rf3 a5
35. Qd4+ Kg8 36. Rf6 Kh7 37. Qxd5 Kg7 38. Qd4 Kh7 39. Qd6 Kg7 40. Rxh6 1-0

[Event "AUTO-ELITE-2151"]
[Site "http://www.queenalice.com/game.php?id=1582407"]
[Date "2019.9.3"]
[Round "1"]
[White "jovelino"]
[Black "Spiril"]
[Result "0-1"]
[WhiteElo "2145"]
[BlackElo "2392"]

1. e4 d6 2. d4 Nf6 3. Nc3 e5 4. Nge2 Be7 5. f3 O-O 6. Be3 c6 7. Qd2 b5 8. g4 b4
9. Nd1 exd4 10. Nxd4 d5 11. g5 Nh5 12. Nf2 c5 13. Nf5 Bxf5 14. exf5 d4 15. Bf4
Nxf4 16. Qxf4 Bxg5 17. Qg4 Nd7 18. h4 Bh6 19. Ne4 c4 20. Qg3 Rc8 21. Ng5 d3 22.
cxd3 c3 23. bxc3 bxc3 24. Be2 Re8 25. f4 c2 26. Rc1 Bxg5 27. hxg5 Qa5+ 28. Kf2
Qd2 29. Qf3 Nc5 30. g6 Rxe2+ 31. Qxe2 Nxd3+ 32. Kf3 Qxf4+ 33. Kg2 Nxc1 34. gxf7+
Kf8 35. Qe6 Rd8 0-1

[Event "AUTO-ELITE-2465"]
[Site "http://www.queenalice.com/game.php?id=1807815"]
[Date "2023.3.13"]
[Round "1"]
[White "Spiril"]
[Black "raulzampronha"]
[Result "1-0"]
[WhiteElo "2412"]
[BlackElo "2212"]

1. d4 Nf6 2. Nf3 e6 3. g3 b5 4. Bg2 Bb7 5. O-O Be7 6. Bg5 O-O 7. Qd3 a6 8. Nbd2
d5 9. Bxf6 Bxf6 10. b4 Nd7 11. Nb3 Nb6 12. c3 Nc4 13. Qc2 a5 14. a3 Qe7 15. Nfd2
axb4 16. axb4 g6 17. Nc5 Bc6 18. Nxc4 bxc4 19. e4 dxe4 20. Bxe4 Bd5 21. Ra5 Rac8
22. Qa4 c6 23. Bxd5 exd5 24. Ra6 Qc7 25. Ra7 1-0

[Event "AUTO-ELITE-2465"]
[Site "http://www.queenalice.com/game.php?id=1807816"]
[Date "2023.3.13"]
[Round "1"]
[White "raulzampronha"]
[Black "Spiril"]
[Result "0-1"]
[WhiteElo "2228"]
[BlackElo "2408"]

1. d4 d6 2. e4 Nf6 3. Nc3 e5 4. Nf3 exd4 5. Nxd4 Be7 6. Bf4 O-O 7. Qd2 Nc6 8.
O-O-O Nxd4 9. Qxd4 a6 10. f3 b5 11. g4 c5 12. Qd2 b4 13. Nd5 Nxd5 14. exd5 Bh4
15. Bc4 a5 16. Bg3 f5 17. Bxh4 Qxh4 18. Qf4 fxg4 19. Qxd6 gxf3 20. Qxc5 Bd7 21.
Bd3 f2 0-1

[Event "AUTO-ELITE-2465"]
[Site "http://www.queenalice.com/game.php?id=1807817"]
[Date "2023.3.13"]
[Round "1"]
[White "Spiril"]
[Black "trompmaster"]
[Result "1-0"]
[WhiteElo "2397"]
[BlackElo "2440"]

1. d4 d5 2. Nf3 Nf6 3. g3 e6 4. Bg2 c5 5. O-O Nc6 6. c4 dxc4 7. Ne5 Nxe5 8. dxe5
Qxd1 9. Rxd1 Nd5 10. Nc3 Nxc3 11. bxc3 Be7 12. Rb1 Rb8 13. Bc6+ Kf8 14. a4 b6
15. a5 g5 16. a6 f6 17. exf6 Bxf6 18. Be3 Be7 19. f4 h6 20. fxg5 hxg5 21. h4
gxh4 22. Bf4 1-0

[Event "AUTO-ELITE-2465"]
[Site "http://www.queenalice.com/game.php?id=1807818"]
[Date "2023.3.13"]
[Round "1"]
[White "trompmaster"]
[Black "Spiril"]
[Result "1/2-1/2"]
[WhiteElo "2464"]
[BlackElo "2407"]

1. e4 e6 2. d4 d5 3. Nc3 Bb4 4. e5 c5 5. a3 Bxc3+ 6. bxc3 Ne7 7. Nf3 b6 8. Bb5+
Bd7 9. a4 Bxb5 10. axb5 Qd7 11. dxc5 Qxb5 12. cxb6 Qxb6 13. Ba3 Nbc6 14. O-O O-O
15. Qd3 Rfc8 16. Bd6 a5 17. Rfb1 Qd8 18. Nh4 a4 19. Rb7 a3 20. Nf3 Nf5 21. Bxa3
Nh4 22. Nxh4 Qxh4 23. g3 Qd8 24. f4 Na5 25. Rbb1 Nc4 26. Bb4 Qb6+ 27. Qd4 Qb7
28. Qf2 h6 29. h3 Rxa1 30. Rxa1 Ra8 31. Rxa8+ Qxa8 32. Kg2 Qa1 33. Qe2 g6 34.
Qd3 Qc1 35. Bc5 h5 36. h4 Kg7 37. Qe2 Qa1 38. Qd3 Qa5 39. Bd4 Qa2 40. Bc5 Kg8
41. Qe2 Qb1 42. Bf2 Qc1 43. Bc5 Qb2 44. Bd4 Qb1 45. Bf2 Qc1 1/2-1/2